| 000 | 01072nam a22001937a 4500 | ||
|---|---|---|---|
| 003 | OSt | ||
| 005 | 20260224072525.0 | ||
| 008 | 260224b |||||||| |||| 00| 0 eng d | ||
| 040 |
_aDWCL GS library _cOC |
||
| 082 | _aFic. D55y 1995 | ||
| 100 | _aDickens, Charles | ||
| 245 |
_athe young collector's illustrated classics _b: oliver twist _cCharles Dickens |
||
| 260 |
_aWest peterson avenue chicago _bMasterwork Books _cc1995 |
||
| 300 |
_a184 _billustrations _c 23 |
||
| 520 | _aOnly nine years old, the orphaned Oliver twist finds himself in one bad situation after another. Soon after he's thrown into a workhouse, Oliver escapes to London to seek a better life. But there he finds a world full of danger. Fortunately, his strength and endurance deliver him to safety, and finally to the comfort of a loving family. This tale shows how honesty and courage can overcome corruption and be rewarded, even when the hero is but a child. | ||
| 546 | _aEnglish | ||
| 700 | _aCharles Dickens | ||
| 942 |
_2ddc _cFIC. _hFic. D55y 1995 _n0 |
||
| 999 |
_c8527 _d8527 |
||